000 00603cam a22002053a 4500
001 34765
003 PGUSA
005 20140828083741.0
008 101227s2010||||xxu|||||s|||||000 | eng d
040 _aPGUSA
_beng
042 _adc
100 1 _aField, Henry M.
_q(Henry Martyn),
_d1822-1907
245 1 4 _aThe Story of the Atlantic Telegraph
_h[electronic resource] /
_cHenry M. Field
260 _bProject Gutenberg,
_c2010
506 _aPublic domain in the USA.
516 _aElectronic text
830 0 _aProject Gutenberg
_v34765
856 4 0 _uhttp://www.gutenberg.org/ebooks/34765
942 _cEB
999 _c264020
_d264020